[Event "FRA-chT U16"]
[Site "Dieppe"]
[Date "2015.??.??"]
[Round "?"]
[White "Hurstel, Alexis"]
[Black "Bellahcene, Sofia"]
[Result "1/2-1/2"]
[WhiteElo "1506"]
[BlackElo "1368"]
[PlyCount "127"]
[EventDate "2015.05.??"]
[EventType "team-tourn"]
[EventRounds "6"]
[EventCountry "FRA"]
[SourceTitle "EXT 2016"]
[Source "ChessBase"]
[SourceDate "2015.10.08"]
[SourceVersion "1"]
[SourceVersionDate "2015.10.08"]
[SourceQuality "1"]

1. e4 c5 2. Nf3 d6 3. d4 cxd4 4. Qxd4 Nc6 5. Bb5 Bd7 6. Bxc6 Bxc6 7. Nc3 Nf6 8. Bg5 g6 9. Bxf6 exf6 10. 0-0-0 Rc8 11. Nd5 Bg7 12. a3 b6 13. Nc3 Bh6+ 14. Kb1 Bf4 15. Nd5 Bxd5 16. exd5 Be5 17. Rhe1 0-0 18. Nxe5 fxe5 19. Qe3 Qc7 20. Rd2 f5 21. h4 f4 22. Qh3 Rf6 23. h5 gxh5 24. Qxh5 Rg6 25. f3 Qg7 26. Qh3 Rd8 27. Qh4 Re8 28. Qf2 Rf8 29. Ree2 Rf5 30. Qh4 Rfg5 31. Qh3 Rh6 32. Qc8+ Qf8 33. Qxf8+ Kxf8 34. Kc1 Rh1+ 35. Rd1 Rxd1+ 36. Kxd1 Ke7 37. Ke1 Kd7 38. Kf2 Kc7 39. Re4 b5 40. c4 Kb6 41. b3 Rh5 42. Kg1 a6 43. a4 bxa4 44. bxa4 Kc5 45. Kf2 Kb4 46. Kg1 Rg5 47. Kf1 Rg8 48. Kf2 Rc8 49. Re2 Rxc4 50. Rb2+ Kxa4 51. Rb6 Rd4 52. Rxa6+ Kb5 53. Rxd6 Kc5 54. Rh6 Rxd5 55. Rxh7 Kc4 56. Rc7+ Kd3 57. Ra7 Rc5 58. Rd7+ Kc2 59. Ke2 Rc3 60. Rd2+ Kb3 61. Rd3 Kc4 62. Rxc3+ Kxc3 63. Kf2 Kd3 64. g4 1/2-1/2